000 00507nam a2200169 4500
001 120763
003 ES-MaACL
005 20250718234745.0
007 t|
008 070214s1972 sp r ||||1| cat d
245 0 0 _aPolĂ­tica i economia a la Catalunya del siglo XX /
_cJosep Fontana [et. al.].
260 _aBarcelona :
_bAriel,
_c1972.
300 _a293 p. ;
_c22 cm.
700 1 _aFontana, Josep,
_d1931-2018
_951600
852 _aES-MaACL
_jC-51924
_bR.85667
999 _c120763
_d120763